Najtrudniejsze Szyty Świata - Statystyki

Ogólne statystyki
  • Ten quiz został rozwiązany 12 razy
  • Średni wynik to 4 z 10
Statystyki odpowiedzi
PROCENT ŚMIERCI SZCZYT % Poprawnych
19% K2
100%
5,7% Mount Everest
100%
0,5% Mont Blanc
67%
41% ANNAPURNA I
33%
9,43% Gaszerbrum I
33%
18% DHAULAGIRI I
22%
11% MAKALU
22%
22% KANCZENDZONGA
11%
23% NANGA PARBAT
11%
9,5% SZISZAPANGMA
0%
Nie znaleziono quizów pasujących do podanych kryteriów
Rozkład punktacji
Procent ludzi z każdym wynikiem
Percentyl według liczby udzielonych odpowiedzi
Twoja historia wyników
Nie rozwiązałeś tego quizu